<?xml version="1.0" encoding="UTF-8"?>
<record
    xmlns:xsi="http://www.w3.org/2001/XMLSchema-instance"
    xsi:schemaLocation="http://www.loc.gov/MARC21/slim http://www.loc.gov/standards/marcxml/schema/MARC21slim.xsd"
    xmlns="http://www.loc.gov/MARC21/slim">

  <leader>00715cam a22002291  4500</leader>
  <controlfield tag="001">sa 68003117 </controlfield>
  <controlfield tag="003">DLC</controlfield>
  <controlfield tag="005">20260227112449.0</controlfield>
  <controlfield tag="008">850617s1967    ii c          000 0 hinx </controlfield>
  <datafield tag="010" ind1=" " ind2=" ">
    <subfield code="a">sa 68003117 </subfield>
  </datafield>
  <datafield tag="020" ind1=" " ind2=" ">
    <subfield code="c">Rs3.50</subfield>
  </datafield>
  <datafield tag="025" ind1=" " ind2=" ">
    <subfield code="a">PL480:I-H-5290</subfield>
  </datafield>
  <datafield tag="035" ind1=" " ind2=" ">
    <subfield code="a">(OCoLC)13884453</subfield>
  </datafield>
  <datafield tag="040" ind1=" " ind2=" ">
    <subfield code="a">DLC</subfield>
    <subfield code="c">NN</subfield>
    <subfield code="d">DLC</subfield>
  </datafield>
  <datafield tag="042" ind1=" " ind2=" ">
    <subfield code="a">premarc</subfield>
  </datafield>
  <datafield tag="050" ind1="0" ind2="0">
    <subfield code="a">PK2098.O5</subfield>
    <subfield code="b">M8</subfield>
  </datafield>
  <datafield tag="100" ind1="0" ind2=" ">
    <subfield code="a">Onkarnath Dinkar,</subfield>
    <subfield code="d">1912-</subfield>
  </datafield>
  <datafield tag="245" ind1="1" ind2="0">
    <subfield code="a">Mukti-yaj&#xF1;a;</subfield>
    <subfield code="b">ty&#x101;ga, balid&#x101;na eva&#x1E43; de&#x15B;abhakti k&#x12B; bh&#x101;van&#x101;o&#x1E43; se otaprota aitih&#x101;sika n&#x101;&#x1E6D;aka.</subfield>
    <subfield code="c">[Lekhaka] O&#x1E45;k&#x101;ran&#x101;tha Dinakara.</subfield>
  </datafield>
  <datafield tag="260" ind1=" " ind2=" ">
    <subfield code="a">Bh&#x12B;lav&#x101;&#x1E5B;&#x101;,</subfield>
    <subfield code="b">Pragati&#x15B;&#x12B;la sam&#x101;c&#x101;ra samiti.</subfield>
    <subfield code="c">[1967]</subfield>
  </datafield>
  <datafield tag="300" ind1=" " ind2=" ">
    <subfield code="a">3,122 p.</subfield>
    <subfield code="b">port.</subfield>
    <subfield code="c">19 cm.</subfield>
  </datafield>
  <datafield tag="500" ind1=" " ind2=" ">
    <subfield code="a">In Hindi.</subfield>
  </datafield>
  <datafield tag="999" ind1=" " ind2=" ">
    <subfield code="c">79247</subfield>
    <subfield code="d">79247</subfield>
  </datafield>
</record>
